Statistics of migration : (Record no. 36058)

MARC details
000 -LEADER
fixed length control field 00771cam a22002531 4500
001 - CONTROL NUMBER
control field l 32000066
003 - CONTROL NUMBER IDENTIFIER
control field DLC
005 - DATE AND TIME OF LATEST TRANSACTION
control field 20260227111533.0
008 - FIXED-LENGTH DATA ELEMENTS--GENERAL INFORMATION
fixed length control field 790814s1932 sz 000 0 eng
010 ## - LIBRARY OF CONGRESS CONTROL NUMBER
LC control number l 32000066
035 ## - SYSTEM CONTROL NUMBER
System control number (OCoLC)5270917
040 ## - CATALOGING SOURCE
Original cataloging agency DLC
Transcribing agency ArU
Modifying agency DLC
042 ## - AUTHENTICATION CODE
Authentication code premarc
050 00 - LIBRARY OF CONGRESS CALL NUMBER
Classification number HD4813
Item number .I4 Ser. N, no. 18
110 2# - MAIN ENTRY--CORPORATE NAME
Corporate name or jurisdiction name as entry element International Labour Office
245 10 - TITLE STATEMENT
Title Statistics of migration :
Remainder of title definitions, methods, classifications.
260 ## - PUBLICATION, DISTRIBUTION, ETC.
Place of publication, distribution, etc. Geneva,
Date of publication, distribution, etc. 1932.
300 ## - PHYSICAL DESCRIPTION
Extent iv, 152 p.
Dimensions 24 cm.
490 0# - SERIES STATEMENT
Series statement Studies and reports, series N, Statistics,
Volume/sequential designation no. 18
500 ## - GENERAL NOTE
General note At head of title: International Labour Office ...
650 #0 - SUBJECT ADDED ENTRY--TOPICAL TERM
Topical term or geographic name entry element Emigration and immigration
Form subdivision Statistics.
650 #0 - SUBJECT ADDED ENTRY--TOPICAL TERM
Topical term or geographic name entry element Statistics.
740 0# - ADDED ENTRY--UNCONTROLLED RELATED/ANALYTICAL TITLE
Uncontrolled related/analytical title Migration.

No items available.

Powered by Koha